| 000 | 01241nam a2200265Ia 4500 | ||
|---|---|---|---|
| 999 |
_c51322 _d51322 |
||
| 001 | 18291 | ||
| 003 | GE_BSU | ||
| 005 | 20220601111707.0 | ||
| 008 | 181216s2015ge xx |||||||||||||| ||geo|| | ||
| 020 | _a9789941080678 | ||
| 040 | _cGE_BSU | ||
| 041 | _ageo | ||
| 080 | _a338.24(075.8)+005.4 ვ-18 | ||
| 100 |
_aვანიშვილი,მ _913922 |
||
| 245 |
_aმენეჯერული ეკონომიკა : _bსახელმძღვანელო / _cმერაბ ვანილიში, კახაბერ ღლონტი, სამეცნ. რედ. კ.ღურცკაია |
||
| 264 |
_aთბილისი : _bსაზოგადოება ცოდნა, _c2015 |
||
| 300 |
_a316 გვ.: _bილ ; _c21 სმ. |
||
| 504 | _aბიბლიოგრაფ. გვ. 308-312. | ||
| 653 | _aეკონომიკა | ||
| 653 | _aმენეჯერული ეკონომიკა | ||
| 700 |
_aჯღენტი, კ. _913923 |
||
| 700 |
_aღურცკაია, კ _eსამეცნიერო რედაქტორი _913924 |
||
| 710 |
_aევროპის სასწავლო უნივერსიტეტი _913925 |
||
| 942 |
_cBK _2udc |
||